M.E.G.-3,British Novel / (Record no. 181847)

MARC details
000 -LEADER
fixed length control field 00729nam a22002177a 4500
005 - DATE AND TIME OF LATEST TRANSACTION
control field 20211007111624.0
010 ## - LCCN (DPL NO)
LC control number B-741711
020 ## - INTERNATIONAL STANDARD BOOK NUMBER
International Standard Book Number 9789353791032
Terms of availability 350.00
035 ## - SYSTEM CONTROL NUMBER
System control number B-741711
037 ## - SOURCE OF ACQUISITION
Stock number Gift
082 ## - DEWEY DECIMAL CLASSIFICATION NUMBER
Classification number N
100 ## - MAIN ENTRY--PERSONAL NAME
Personal name Bhatia,H.S.
245 ## - TITLE STATEMENT
Title M.E.G.-3,British Novel /
Statement of responsibility, etc H.S. Bhatia & N.K.Mangla
260 ## - PUBLICATION, DISTRIBUTION, ETC. (IMPRINT)
Place of publication, distribution, etc Delhi
Name of publisher, distributor, etc Neeraj Publications
Date of publication, distribution, etc 202?
270 ## - ADDRESS
Address 1507,Ist Floor,Nai Sarak
City Delhi
Postal code 110006
Telephone number 011-23260329,45704411, 23244362, 23285501
Electronic mail address info@neerajignoubooks.com
300 ## - PHYSICAL DESCRIPTION
Extent 275p.
Dimensions 24cm(pbk)
500 ## - GENERAL NOTE
General note I.G.N.O.U. Based<br/><br/>Queation Bank Cum Chapterwise Reference Book
700 ## - ADDED ENTRY--PERSONAL NAME
Personal name Mangla, N.K.
942 ## - ADDED ENTRY ELEMENTS (KOHA)
Source of classification or shelving scheme Dewey Decimal Classification
Item type English Books
Call number suffix BHA
Classification part N
Holdings
Withdrawn status Lost status Not for loan Collection code Home library Current library Date acquired Source of acquisition Cost, normal purchase price Full call number Barcode Copy number Cost, replacement price Koha item type Public note
      Fiction Ashok Vihar Ashok Vihar 07/10/2021 Gift/4.10.2021 350.00 N BHA B-741711 1 350.00 English Books Gift

© Delhi Public Library
Hit Counter
free hit counter